MARC details
| 000 -LÍDER |
| campo de controle de tamanho fixo |
01243naa a22003617a 4500 |
| 001 - NÚMERO DE CONTROLE |
| campo de controle |
BR7805311 |
| 003 - IDENTIFICADOR DO NÚMERO DE CONTROLE |
| campo de controle |
BR-BrBNA |
| 005 - DATA E HORÁRIO DA ÚLTIMA TRANSAÇÃO |
| campo de controle |
20240918174214.0 |
| 007 - CAMPO FIXO DE DESCRIÇÃO FÍSICA--INFORMAÇÃO GERAL |
| campo de controle de tamanho fixo |
ta |
| 008 - CAMPO DE DADOS FIXOS--INFORMAÇÃO GERAL |
| campo de controle de tamanho fixo |
230509b bl.||||| |||| 00| 0 por d |
| 040 ## - FONTE DA CATALOGAÇÃO |
| Instituição da catalogação original |
BR-BrBNA |
| Idioma da catalogação |
por |
| Instituição que transcreveu o registro |
Biblioteca Nacional de Agricultura |
| 041 ## - CÓDIGO DE IDIOMA |
| Código do idioma do texto/trilha sonora ou título diferente |
(Pt) |
| 072 ## - CÓDIGO DE CATEGORIA DE ASSUNTO |
| Código de Categoria de Assunto |
F00; F30 |
| Código do objeto |
1822 |
| -- |
G514 |
| 090 ## - NÚMERO DE CHAMADA LOCAL |
| Número de chamada |
F00 BR7805311 |
| 100 1# - ENTRADA PRINCIPAL--NOME PESSOAL |
| Nome pessoal |
Pedrosa, J.F. |
| 100 1# - ENTRADA PRINCIPAL--NOME PESSOAL |
| Nome pessoal |
Araujo Filho, O.S. de |
| 100 1# - ENTRADA PRINCIPAL--NOME PESSOAL |
| Nome pessoal |
Pereira, F.A. |
| 100 1# - ENTRADA PRINCIPAL--NOME PESSOAL |
| Nome pessoal |
Cartaxo, F.P. |
| 245 1# - TÍTULO |
| Título |
Influencia do metodo e densidade de plantio sobre a producao de moranga (Cucurbita maxima, Duch)e hibrido Tetsukabuto [Lavras, Minas Gerais, Brasil] |
| 260 3# - PUBLICAÇÃO, DISTRIBUIÇÃO, ETC. |
| Local de publicação, distribuição, etc. |
Belo Horizonte, MG (Brasil): |
| Data da publicação, distribuição, etc. |
1978. |
| 500 ## - NOTA GERAL |
| Nota geral |
Projeto olericultura. Relatorio anual 1975/76<br/>Belo Horizonte, MG (Brasil): 1978. p. 234-237<br/>(BR7805311-AM)F00<br/> |
| 650 ## - ASSUNTO--TERMO TÓPICO |
| Cabeçalho tópico ou nome geográfico |
ABOBORA MORANGA |
| 650 ## - ASSUNTO--TERMO TÓPICO |
| Cabeçalho tópico ou nome geográfico |
DENSIDADE DE PLANTIO |
| 650 ## - ASSUNTO--TERMO TÓPICO |
| Cabeçalho tópico ou nome geográfico |
ESPACAMENTO |
| 650 ## - ASSUNTO--TERMO TÓPICO |
| Cabeçalho tópico ou nome geográfico |
RENDIMENTO |
| 650 ## - ASSUNTO--TERMO TÓPICO |
| Cabeçalho tópico ou nome geográfico |
HIBRIDACAO |
| 650 ## - ASSUNTO--TERMO TÓPICO |
| Cabeçalho tópico ou nome geográfico |
HIBRIDO |
| 650 ## - ASSUNTO--TERMO TÓPICO |
| Cabeçalho tópico ou nome geográfico |
LAVRAS |
| 650 ## - ASSUNTO--TERMO TÓPICO |
| Cabeçalho tópico ou nome geográfico |
MINAS GERAIS |
| 773 0# - ENTRADA ANALÍTICA |
| Título |
Projeto olericultura. Relatorio anual 1975/76 |
| Número de controle do registro |
F00 BR7805311 |
| Partes relacionadas |
Belo Horizonte, MG (Brasil), 1978. p. 234-237 |
| 909 ## - |
| -- |
202404 |
| -- |
Lucia |
| -- |
55 |
| -- |
Lucia Elande |
| 942 ## - ELEMENTOS DE ENTRADA ADICIONADOS (KOHA) |
| Tipo de material Koha |
Capítulo-Livro |
| Fonte da classificação ou esquema de arquivamento na estante |
Classificação AGRIS |